000 00304nam a2200133Ia 4500
008 221030s9999 xx 000 0 und d
041 _aEnglish
082 _a105.23
100 _aI. L. Kosow
245 0 _aElectric Machinery & Transformers
_cby I. L. Kosow
260 _c0
650 _aB
942 _cBK
999 _c13019
_d13019